|
|
|
|
| LEADER |
00000cam a2200000 7i4500 |
| 001 |
0000003889 |
| 005 |
20110818.0 |
| 020 |
0 |
0 |
|a 9780421960701
|
| 090 |
0 |
0 |
|a R 346.94404
|b NICO 2008
|
| 100 |
1 |
0 |
|a Jackson, Nicola
|
| 245 |
1 |
0 |
|a Land law
|c Nicola Jackson
|
| 250 |
0 |
0 |
|a 4rd ed.
|
| 260 |
0 |
0 |
|a London :
|b Thomson Reuters (Legal) Limited ,
|c 2008
|
| 300 |
|
|
|a Ixxii, 731 p.24 cm.
|
| 504 |
0 |
0 |
|a Includes index
|
| 650 |
0 |
0 |
|a Land tenure
|x Law and legislation
|z England
|
| 700 |
0 |
1 |
|a Pearce, Robert
|
| 700 |
0 |
1 |
|a Stevens, John
|
| 998 |
|
|
|a JPSM
|
| 999 |
|
|
|a 007674
|b Monograph
|c Reference
|e Default branch
|